| 000 | 01237nam a2200277Ia 4500 | ||
|---|---|---|---|
| 999 |
_c55229 _d55229 |
||
| 001 | 22304 | ||
| 003 | GE_BSU | ||
| 005 | 20230307173115.0 | ||
| 008 | 181216s2008||||ge |||||||||||||| ||geo|| | ||
| 020 | _a9789941130397 | ||
| 040 | _cGE_BSU | ||
| 041 | _ageo | ||
| 080 | _a811.161.1 Ч-75 | ||
| 100 |
_aЧохонелидзе, Натела _917138 |
||
| 245 |
_aАктивные процессы в современном русском языке = თანამედროვე რუსული ენის აქტიური პროცესები : _bкурс лекций / _cНатела Чохонелидзе ; ред. Марина Алексидзе. |
||
| 264 |
_aТбилиси : _bТГУ, _c2008. |
||
| 300 |
_a111 стр. ; _c20 см. |
||
| 504 | _aбиблиогр. ст. :109-111 | ||
| 541 | _h8 ლ. | ||
| 653 | _aАктивные процессы в современном русском языке | ||
| 653 | _aкурс лекций | ||
| 653 | _aРусский язык | ||
| 653 | _aთანამედროვე რუსული ენის აქტიური პროცესები | ||
| 700 |
_aАлексидзе, Марина _eредактор _917139 |
||
| 942 |
_cBK _2udc |
||